000 01155nam a2200241Ia 4500
003 Ost
005 20260507075738.0
008 260507s9999||||xx |||||||||||||| ||und||
040 _cfsecg
041 _aara
082 _a346.07
100 _aسامي، فوزي محمد
_eمؤلف
245 0 _aمبادئ القانون التجاري وفق المنهاج الجديد لجامعة البلقاء التطبيقية :
_bمبادئ القانون التجاري،الأعمال التجارية،الأوراق التجارية والأعمال المصرفية /
_c فوزي محمد سامي
260 _aعمان:
_bمكتبة دار الثقافة للمشر والتوزيع,
_c2003
300 _a359 صفحة؛
_c25 سم
490 _aالمكتبة القانونية
504 _aبيليوغرافيا: ص.351
520 _aمفهوم القانون التجاري،الأعمال التجارية،التاجر،العقود التجارية،الشركات،الأوراق التجارية
653 _aالأوراق التجارية
653 _aالعقود
653 _aالقانون التجاري
942 _cكتاب
999 _c46108
_d46108